La economía de Chile en el periodo 1950-1963
Gespeichert in:
| Körperschaft: | |
|---|---|
| Format: | Buch |
| Sprache: | Spanisch |
| Veröffentlicht: |
Santiago
Instituto de Economía de la Universidad de Chile
1963
|
| Schlagworte: | |
| Tags: |
Tag hinzufügen
Keine Tags, Fügen Sie den ersten Tag hinzu!
|
MARC
| LEADER | 00000nam a2200000 a 4500 | ||
|---|---|---|---|
| 001 | UCT8098 | ||
| 003 | CL-VaPUC | ||
| 008 | 970317e19630000CL |||||||||||||||||spa|d | ||
| 082 | 0 | 4 | |a 330.983 |b UNI |2 21 |
| 110 | 2 | |a Universidad de Chile |e author |9 379576 | |
| 245 | 1 | 3 | |a La economía de Chile en el periodo 1950-1963 |
| 300 | |a 2 v | ||
| 942 | |c BK | ||
| 945 | |d 19970317 00:00:00 |a paguirre | ||
| 260 | |a Santiago |b Instituto de Economía de la Universidad de Chile |c 1963 | ||
| 500 | |a v.2: Cuadros Estadísticos | ||
| 650 | 0 | |a Economía |9 255568 | |
| 650 | 0 | |a Desarrollo económico y social |9 256320 | |
| 650 | 0 | |a Inversiones |9 261520 | |
| 650 | 0 | |a Inflación |9 257218 | |
| 650 | 0 | |a Política económica |9 255029 | |
| 583 | |a last modification |c 19970317 00:00:00 |k Rodrigo Vera | ||
| 999 | |c 256630 |d 256628 | ||
| 952 | |0 0 |1 0 |4 0 |6 330_983000000000000_UNI_1963 |7 0 |8 P |9 279448 |a BIBDER |b BIBDER |d 2019-11-19 |h v.1 |i 1812785 |o 330.983 UNI 1963 |p 1812785 |r 2023-01-25 |w 2019-11-19 |y BK |k DER | ||
| 952 | |0 0 |1 0 |4 0 |6 330_983000000000000_UNI_1963 |7 0 |8 P |9 279449 |a BIBDER |b BIBDER |d 2019-11-19 |h v.2 |i 1812793 |o 330.983 UNI 1963 |p 1812793 |r 2023-01-25 |w 2019-11-19 |y BK |k DER | ||
| 952 | |0 0 |1 0 |4 0 |6 330_983000000000000_UNI_1963 |7 0 |8 A |9 279450 |a BIBING |b BIBING |d 2019-11-19 |h v.1 |i 1641670 |o 330.983 UNI 1963 |p 1641670 |r 2025-01-20 |w 2019-11-19 |y BK |k GEO | ||
| 952 | |0 0 |1 0 |4 0 |6 330_983000000000000_UNI_1963 |7 0 |8 A |9 279451 |a BIBENE |b BIBENE |d 2019-11-19 |h v.1 |i 1998579 |o 330.983 UNI 1963 |p 1998579 |r 2025-01-15 |w 2019-11-19 |y BK |k ICO | ||
| 952 | |0 0 |1 0 |4 0 |6 330_983000000000000_UNI_1963 |7 0 |8 A |9 279452 |a BIBENE |b BIBENE |d 2019-11-19 |h v.2 |i 1998528 |o 330.983 UNI 1963 |p 1998528 |r 2025-01-15 |w 2019-11-19 |y BK |k ICO | ||
| 952 | |0 0 |1 0 |4 0 |6 330_983000000000000_UNI_1963 |7 0 |8 A |9 279453 |a BIBHIS |b BIBHIS |d 2019-11-19 |h v.1 |i 1332570 |o 330.983 UNI 1963 |p 1332570 |r 2025-01-20 |w 2019-11-19 |y BK |k HIS | ||
| 952 | |0 0 |1 0 |4 0 |6 330_983000000000000_UNI_1963 |7 0 |8 A |9 279454 |a BIBHIS |b BIBHIS |d 2019-11-19 |h v.1 |i 1332589 |l 1 |o 330.983 UNI 1963 |p 1332589 |r 2025-01-20 |s 2024-05-13 |w 2019-11-19 |y BK |k HIS | ||
| 952 | |0 0 |1 0 |4 0 |6 330_983000000000000_UNI_1963 |7 0 |8 A |9 279455 |a BIBHIS |b BIBHIS |d 2019-11-19 |h v.2 |i 1332597 |o 330.983 UNI 1963 |p 1332597 |r 2025-01-20 |w 2019-11-19 |y BK |k HIS | ||
| 952 | |0 0 |1 0 |4 0 |6 330_983000000000000_UNI_1963 |7 0 |8 A |9 279456 |a BIBHIS |b BIBHIS |d 2019-11-19 |h v.2 |i 1332600 |l 1 |o 330.983 UNI 1963 |p 1332600 |r 2025-01-20 |s 2024-05-13 |w 2019-11-19 |y BK |k HIS | ||